Farrell and First National Bank PLC v Sandwell MBC (Record no. 64317)
[ view plain ]
| 000 -LEADER | |
|---|---|
| fixed length control field | 01459cam a2200229 4500 |
| 001 - CONTROL NUMBER | |
| control field | ABS62596 |
| 008 - FIXED-LENGTH DATA ELEMENTS--GENERAL INFORMATION | |
| fixed length control field | 000000n2000 000 0 eng u |
| 035 ## - SYSTEM CONTROL NUMBER | |
| System control number | (Sirsi) u107652 |
| 245 ## - TITLE STATEMENT | |
| Title | Farrell and First National Bank PLC v Sandwell MBC |
| 260 ## - PUBLICATION, DISTRIBUTION, ETC. | |
| Date of publication, distribution, etc. | 2000 |
| 490 ## - SERIES STATEMENT | |
| Series statement | Rating & Valuation Reporter |
| Volume/sequential designation | [2000] 40(5) RVR 211-215(5) |
| 520 ## - SUMMARY, ETC. | |
| Summary, etc. | LT 1 November 1999. 37 Old Park Road, Oldbury. By a written agreement dated July 1985 the owner agreed to sell the mid-terrace property to the claimant for £10,000 payable in instalments. In 1988 the council declared certain clearance areas, one which covered the property. The council under the the Housing Act 1985 s23, made the Sandwell (Old Park Lane, Oldbury) (Clearance Areas) Compulsory Purchase Orders 1988. The council notified the claimant that the interior was satisfactory, but the exterior had not been well maintained. One of the main issues was whether the owner/occupier supplement was payable, and whether claimant held interest in dwelling during qualifying period. 'Held' the amount of compensation was the agreed site value of £750. |
| 590 ## - LOCAL NOTE (RLIN) | |
| Local note | ABS |
| 650 ## - SUBJECT ADDED ENTRY--TOPICAL TERM | |
| Topical term or geographic name entry element | COMPENSATION |
| 650 ## - SUBJECT ADDED ENTRY--TOPICAL TERM | |
| Topical term or geographic name entry element | OWNER-OCCUPIER SUPPLEMENT |
| 650 ## - SUBJECT ADDED ENTRY--TOPICAL TERM | |
| Topical term or geographic name entry element | SITE VALUE |
| 650 ## - SUBJECT ADDED ENTRY--TOPICAL TERM | |
| Topical term or geographic name entry element | UNFIT HOUSES |
| 650 ## - SUBJECT ADDED ENTRY--TOPICAL TERM | |
| Topical term or geographic name entry element | FARRELL AND FIRST NATIONAL BANK V SANDWELL MBC |
| 650 ## - SUBJECT ADDED ENTRY--TOPICAL TERM | |
| Topical term or geographic name entry element | FREEHOLD |
| 690 ## - LOCAL SUBJECT ADDED ENTRY--TOPICAL TERM (OCLC, RLIN) | |
| Topical term or geographic name as entry element | ENVIRONMENTAL AND LAND CONSULTANCY-PLANNING AND DEVELOPMENT-COMPULSORY PURCHASE AND COMPENSATION |
| 942 ## - ADDED ENTRY ELEMENTS (KOHA) | |
| Suppress in OPAC | 0 |
| Withdrawn status | Lost status | Source of classification or shelving scheme | Damaged status | Not for loan | Home library | Current library | Shelving location | Date acquired | Total Checkouts | Full call number | Barcode | Date last seen | Copy number | Price effective from | Koha item type |
|---|---|---|---|---|---|---|---|---|---|---|---|---|---|---|---|
| Dewey Decimal Classification | London | London | Journal article | 08/08/2000 | ABS62596 | 107652-1001 | 06/08/2019 | 1 | 06/08/2019 | Law report |